Statistics for WWE US Champions

Click here to take the quiz!

General Stats

  • This quiz has been taken 557 times
  • The average score is 30 of 61

Answer Stats

Year WonWrestlerNo. Days Held% Correct
2004John Cena116
91%
2004John Cena105
91%
2015John Cena35
91%
2015John Cena147
91%
2004John Cena2
91%
2009The Miz224
73%
2010The Miz97
73%
2003Big Show147
71%
2013Dean Ambrose351
71%
2014Rusev146
66%
2001Edge6
65%
2015Seth Rollins28
64%
2011Dolph Ziggler283
63%
2011Sheamus48
63%
2014Sheamus182
63%
2013Kofi Kingston34
61%
2009Kofi Kingston126
61%
2011Kofi Kingston49
61%
2016Alberto Del Rio12
59%
2015Alberto Del Rio78
59%
2005Booker T35
59%
2006Booker T40
59%
2001Booker T128
59%
2004Booker T68
59%
2008Matt Hardy84
59%
2006Chris Benoit42
58%
2005Chris Benoit58
58%
2006Chris Benoit222
58%
2006JBL51
55%
2007MVP343
55%
2009MVP76
55%
2010Daniel Bryan176
54%
2001Kurt Angle21
53%
2003Eddie Guerrero84
52%
2012Cesaro239
50%
2004Carlito42
48%
2012Jack Swagger49
47%
2016Kalisto97
47%
2016Kalisto1
47%
2011Zack Ryder29
44%
2010R-Truth21
42%
2012Santino Marella167
40%
2008Shelton Benjamin240
40%
2010Bret Hart7
38%
2006Bobby Lashley49
37%
2005Orlando Jordan173
34%
2006Finlay49
30%
2006Mr.Kennedy42
26%
2000Lance Storm13
23%
2000Lance Storm36
23%
2000Lance Storm66
23%
2001Rhyno29
23%
2000Scott Steiner84
21%
2001Tajiri13
18%
2000Jeff Jarrett84
15%
2001Kanyon48
14%
2001Rick Steiner41
12%
2001Shane Douglas22
10%
2000Terry Funk1
7%
2000Gen. Rection49
6%
2000Gen. Rection15
6%

Score Distribution

Percentile by Number Answered

Percent of People with Each Score

Your Score History

You have not taken this quiz